书目信息 |
| 题名: |
中文版AutoCAD 2006完全自学手册
|
|
| 作者: | 彭英杰 编著 | |
| 分册: | ||
| 出版信息: | 北京 兵器工业出版社 2006.01 |
|
| 页数: | 476页 | |
| 开本: | 26cm | |
| 丛书名: | ||
| 单 册: | ||
| 中图分类: | TP391.72 | |
| 科图分类: | ||
| 主题词: | 制图程序--zhi tu cheng xu--基本知识 | |
| 电子资源: | ||
| ISBN: | 7-80172-529-8 | |
| 000 | 00891nam0 2200229 450 | |
| 001 | 012007166887 | |
| 005 | 20071009091832.81 | |
| 010 | @a7-80172-529-8@dCNY48.00 (含光盘) | |
| 100 | @a20070727d2006 km y0chiy0120 ea | |
| 101 | 0 | @achi |
| 102 | @aCN@b110000 | |
| 105 | @aa z 000yy | |
| 200 | 1 | @a中文版AutoCAD 2006完全自学手册@Azhong wen ban AutoCAD 2006 wan quan zi xue shou ce@f彭英杰编著@Fpeng ying jie bian zhu |
| 210 | @a北京@c兵器工业出版社@c北京希望电子出版社@d2006.01 | |
| 215 | @a476页@c图@d26cm@e光盘1片 | |
| 307 | @a光盘 ISBN : 7-89498-513-9 | |
| 330 | @a本书内容包括二维图形的绘制与编辑、文字与表格的方法、精确输入工具的用法、图层和图块的用法、设置绘图环境、共享数据、进行尺寸标注、系统工具的用法等。 | |
| 606 | 0 | @a制图程序@Azhi tu cheng xu@x基本知识 |
| 690 | @aTP391.72@v4 | |
| 701 | 0 | @a彭英杰@Apeng ying jie@4编著 |
| 801 | 0 | @aCN@c20071009 |
| 905 | @dTP391.72@eP582 | |
| 中文版AutoCAD 2006完全自学手册/彭英杰编著.-北京:兵器工业出版社:北京希望电子出版社,2006.01 |
| 476页:图;26cm+光盘1片 |
| ISBN 7-80172-529-8:CNY48.00 (含光盘) |
| 本书内容包括二维图形的绘制与编辑、文字与表格的方法、精确输入工具的用法、图层和图块的用法、设置绘图环境、共享数据、进行尺寸标注、系统工具的用法等。 |
| ● |
| 相关链接 |
|
|
|
正题名:中文版AutoCAD 2006完全自学手册
索取号:TP391.72/P582
 
预约/预借
| 序号 | 登录号 | 条形码 | 馆藏地/架位号 | 状态 | 备注 |
| 1 | 250971 | 202509712 | 期刊室512/301自科库 110排2列3层/ [索取号:TP391.72/P582] | 在馆 | |
| 2 | 250972 | 202509721 | 期刊室512/301自科库 110排2列3层/ [索取号:TP391.72/P582] | 在馆 | |
| 3 | 250973 | 202509730 | 自科二线404/404自科库 19排4列4层/ [索取号:TP391.72/P582] | 在馆 |